| 000 | 01576nam a22004450a 4500 | ||
|---|---|---|---|
| 001 | PT25025 | ||
| 003 | AR-LpoUNG | ||
| 005 | 20210201010614.0 | ||
| 008 | 201001s2007||||ag |||||||||||||||||spa d | ||
| 020 |
_a9789879300886 _c$33 |
||
| 040 |
_aAR-LpoUNG _bspa _eaacr |
||
| 041 | _aspa | ||
| 044 | _aag | ||
| 082 | 0 | _a982 42pro | |
| 100 | 1 |
_aKessler, Gabriel _ecomp. |
|
| 245 | 1 | 0 |
_aProblemas socioeconómicos contemporáneos : _btextos escogidos |
| 250 | _a1ra. ed., 1ra. impr. | ||
| 260 |
_aBuenos Aires : _bUniversidad Nacional de General Sarmiento, _c2007. |
||
| 300 |
_a350 p. : _btbls., mapas, gráfs., fot. _3impreso |
||
| 490 | 0 | _aTextos básicos | |
| 520 | _a<p>Reúne los principales textos de la materia Problemas Socioeconómicos Contemporáneos I, perteneciente al Primer Ciclo Universitario. El objetivo de la materia es analizar los principales procesos sociales, económicos y políticos que contribuyeron a configurar la sociedad argentina desde 1880 a la actualidad.</p> | ||
| 650 | 4 | _aANALISIS HISTORICO | |
| 650 | 4 | _aARGENTINA | |
| 650 | 4 | _aDEMOCRACIA | |
| 650 | 4 | _aDICTADURA | |
| 650 | 4 | _aFUERZAS ARMADAS | |
| 650 | 4 | _aGLOBALIZACION | |
| 650 | 4 | _aHISTORIA ECONOMICA | |
| 650 | 4 | _aHISTORIA SOCIAL | |
| 650 | 4 | _aPARTICIPACION SOCIAL | |
| 650 | 4 | _aRECESION ECONOMICA | |
| 651 | 4 | _aArgentina | |
| 653 | _aMAES | ||
| 653 | _aNEOLIBERALISMO | ||
| 653 | _aPERONISMO | ||
| 700 | 1 |
_aLuzzi, Mariana _ecomp. |
|
| 710 | 2 | _aUniversidad Nacional de General Sarmiento | |
| 905 | _a25025 | ||
| 942 | _cLIB | ||
| 999 |
_c51998 _d51998 |
||